| 000 | 00634nam a2200205Ia 4500 | ||
|---|---|---|---|
| 008 | 191130s2006##################000#0#eng## | ||
| 020 | _a9788126513437 | ||
| 040 |
_aACL _cACL |
||
| 082 | _a910.01 GOE | ||
| 100 | _aGoeldner, Charles R | ||
| 245 |
_aTourism : principles, practices, philosophies _cCharles R Goeldner and J R Brent Ritchie |
||
| 250 | _a10th ed | ||
| 260 |
_aHoboken, N.J _bJ. Wiley _c2006 |
||
| 300 | _axvii, 590 p., [8] p. of plates : ill. (some col.), maps ; 24 cm | ||
| 650 | _aTourism | ||
| 700 | _aRitchie, J R Brent | ||
| 990 | _a7ea92de9ac10000c4187a17d1c065768 | ||
| 991 | _a99126 | ||
| 999 |
_c402755 _d402755 |
||